000 00446nam a2200145Ia 4500
008 151213s9999 xx 000 0 und d
100 _aআতা সরকার
245 _aবালিকা বিষয়ক গল্প।
_cআতা সরকার
260 _aঢাকা
_bএবি আই।
_c2004
300 _a8444 p.
650 _aBangla
650 _aBengali Literature
700 _aআতা সরকার
999 _c4282
_d4282